000 00524nam a2200193Ia 4500
003 GCL
008 140319s9999 xx 000 0 eng d
040 _aGCL /
_cGCL
082 0 4 _a661.895
_bP P
100 1 _aPOWELL, P.
245 1 0 _aPRINCIPLES OF ORGANETALLIC CHEMISTRY, 2ND ED. /
_cPOWELL, P.
260 _a[S.N] :
_bELBS WITH CHAPMAN ،
_c1988
300 _a414 P
650 0 4 _aORGANOMETALLIC COMPOUNDS
650 0 4 _aCHEMISTRY
650 0 4 _aORGANOMETALLIC
650 0 4 _aORGANOMETALLIC CHEMISTRY
942 _2ddc
_cBK
999 _c20473
_d20473